|
|
|
|
| LEADER |
00000nam a2200000 a 4500 |
| 001 |
vtls001389134 |
| 003 |
SK-MaSNL |
| 005 |
20260301115738.0 |
| 008 |
240314s1999 xo a r y 0 slo |
| 015 |
|
|
|a SNBA2000/07-02301
|
| 020 |
|
|
|a 8080553394
|
| 035 |
|
|
|a SNK000343388
|
| 035 |
|
|
|a urn:nbn:sk:snk-amk3pn
|
| 035 |
|
|
|a urn:nbn:sk:snk-am005d66
|
| 035 |
|
|
|a BD379970-EA0C-45CE-88DE-D2B9551E2558
|
| 040 |
|
|
|a SNK
|b slo
|c SNK
|e AACR2
|
| 041 |
0 |
|
|a slo
|
| 044 |
|
|
|a xo
|c SK
|
| 080 |
|
|
|a 371.213.1(035)
|2 1981
|
| 100 |
1 |
|
|a Višňovský, Ľudovít,
|d 1939-
|4 aut
|9 106819
|
| 245 |
1 |
0 |
|a Triedny učiteľ
|c Ľudovít Višňovský
|
| 260 |
|
|
|a Banská Bystrica
|b Univerzita Mateja Bela
|c 1999
|
| 300 |
|
|
|a 122 s.
|b sch.
|c 21 cm
|
| 500 |
|
|
|a 200 výt.
|
| 504 |
|
|
|a Bibliogr. s. 118-122
|
| 650 |
0 |
7 |
|a triedni učitelia
|2 SNKPH
|9 86788
|
| 655 |
|
7 |
|a príručky
|2 SNKPH
|9 74364
|
| 919 |
|
|
|a 80-8055-339-4
|
| 958 |
|
|
|a TL
|
| 958 |
|
|
|a NB
|
| 999 |
|
|
|c 723421
|d 725351
|
| 952 |
|
|
|t P60, <03>, [BOOK], {603}
|a SNK
|b SNK
|y PREZ
|7 0
|p 17A0239827
|o snkSC 101606
|i snkKSP 5177/2000
|0 0
|1 0
|4 0
|d 2000-05-22
|f 1
|l 0
|r 2025-09-23 00:00:00
|w 2026-02-23
|
| 952 |
|
|
|t P60, <04>, [BOOK], {604}
|a SNK
|b SNK
|y VYP
|7 0
|p 17A0621961
|o snkSC 101606 D1
|i snkKSP 5178/2000
|0 0
|1 0
|4 0
|d 2000-05-22
|l 0
|r 2005-01-02 00:00:00
|w 2026-02-23
|